Представление документа в формате RUSMARC

ПолеНазваниеЗначение
  Тип записи a
  Библиографический уровень a
001 Контрольный номер RU/CBS_Ul/BASE/489241961
005 Дата корректировки 20240209175149.0
100 Данные общей обработки __
a Данные общей обработки 20150703d2015 ||| 0rusy0189 ca
101 Язык документа 0_
a Язык текста rus
102 Страна публикации __
a Страна публикации RU
105 Кодированные данные (монография) __
a Кодированные данные (монография) y###||||000|y
200 Заглавие и сведения об ответственности 1_
a Заглавие «Босоногий профессор»
b Общее обозначение материала Текст
e Сведения, относящиеся к заглавию [советский агробиолог Трофим Денисович Лысенко]
f Первые сведения об ответственности И. Измайлов
300 Общие примечания __
a Общие примечания Ограничения по возрасту - 16+
461 Уровень набора _0
1 2000
a Гала Биография
463 Уровень физической единицы _0
1 001RU/CBS_Ul/BASE/489001597
1 2000
a № 6
v С. 70-76
1 210
d 2015
600 Персоналии _0
a Персоналии (Фамилия) Лысенко
b Персоналии (Имя, инициалы) Т.Д.
606 Тематические рубрики 0_
a Основная рубрика Лысенко, Трофим Денисович (1898-1976)
610 Ключевые слова 0_
a Ключевые слова советские ученые
a Ключевые слова агробиология
a Ключевые слова агробиологи
a Ключевые слова селекция
686 Индексы других классификаций __
a Классификационный индекс 40.0
2 Код системы ББК
700 Автор _1
a Фамилия Измайлов
b Имя (инициалы) И.
801 Источник записи _0
a Страна RU
b Организация МБУК ЦБС г. Ульяновска
c Дата составления 20150703
g Правила каталогизации RCR
801 Источник записи _1
a Страна RU
b Организация МБУК ЦБС г. Ульяновска
c Дата составления 20150703
g Правила каталогизации RCR
901 Тип документа __
t Тип документа b
w Контрольный № источника RU/CBS_Ul/BASE/489001597
910 Корректоры записи __
a Корректор записи Асеева
938 Служебная информация __
a Имя БД period